| 000 | 00475nam#a2200181#c#4500 | ||
|---|---|---|---|
| 003 | IEF | ||
| 005 | 20180219154003.0 | ||
| 008 | 941031s1970 uuu####fr####| 0||u| |u | ||
| 040 | _aIEF | ||
| 245 | _aFinancing state and local governments : Proceedings | ||
| 260 |
_aboston _b Federal Reserver Bank of Boston _c1970 |
||
| 300 |
_a191 p. _c 22 cm. |
||
| 650 | 4 |
_aHACIENDAS LOCALES _945217 |
|
| 650 | 4 |
_aFINANCIACION _944260 |
|
| 942 | _cLIB | ||
| 942 | _z8182 | ||
| 999 |
_c36841 _d36841 |
||